La restauración ecológica en el marco de las compensaciones por pérdida de biodiversidad en Colombia: (Registro nro. 20089)
[ vista simple ]
| 000 -CABECERA | |
|---|---|
| Campo de control | 01108nam a22002777a 4500 |
| 005 - FECHA Y HORA DE LA ULTIMA TRANSACCION | |
| Campo de control | 20180803170443.0 |
| 008 - ELEMENTOS DE LONGITUD FIJA—INFORMACION GENERAL | |
| Campo de control | 180207b2017 ck |||||r|||| 00| 0 spa d |
| 020 ## - ISBN | |
| ISBN | 9786023870615 |
| 040 ## - FUENTE DE CATALOGACIÓN | |
| Agencia catalogadora original | CO-BoIAVH |
| Agencia transcriptora | CO-BoIAVH |
| 041 ## - IDIOMA | |
| Código de idioma para texto/pista de sonido o título separado | Español |
| 044 ## - PAÍS DE PUBLICACIÓN | |
| País de publicación | Colombia |
| 082 14 - NUMERO DE CLASIFICACION DECIMAL DEWEY | |
| Número de clasificación | 346.04675 |
| Número del ítem | M97r |
| 100 1# - ASIENTO PRINCIPAL--NOMBRE PERSONAL | |
| Nombre personal | Murcia, Carolina |
| Término relacionado | autora |
| 9 (RLIN) | 4211 |
| 245 13 - MENCION DE TITULO | |
| Título | La restauración ecológica en el marco de las compensaciones por pérdida de biodiversidad en Colombia: |
| Parte restante del título | un análisis crítico |
| 260 ## - PUBLICACION, DISTRIBUCION, ETC. (PIE DE IMPRENTA) | |
| Lugar de publicación, distribución, etc. | Bogor (Indonesia): |
| Nombre del editor, distribuidor, etc. | Centro para la Investigación Forestal Internacional CIFOR, |
| Fecha de publicación, distribución, etc. | 2017. |
| 300 ## - DESCRIPCION FISICA | |
| Extensión | 55 páginas |
| 490 ## - MENCION DE SERIE | |
| Mención de serie | Documentos Ocasionales, |
| Designación numérica/secuencial del volumen | 176 |
| 590 ## - NOTA LOCAL | |
| Nota local | En primera página firma original de tres autores, recibida al momento del lanzamiento del libro. |
| 650 #0 - ASIENTO SECUNDARIO DE MATERIA - TERMINO TEMATICO | |
| Término temático o nombre geográfico como elemento de entrada | Pérdida de biodiversidad |
| Subdivisión geográfica | Colombia |
| 9 (RLIN) | 89538 |
| 650 #0 - ASIENTO SECUNDARIO DE MATERIA - TERMINO TEMATICO | |
| Término temático o nombre geográfico como elemento de entrada | Compensaciones ambientales |
| Subdivisión geográfica | Colombia |
| 9 (RLIN) | 89539 |
| 650 #0 - ASIENTO SECUNDARIO DE MATERIA - TERMINO TEMATICO | |
| Término temático o nombre geográfico como elemento de entrada | Restauración ecológica |
| 9 (RLIN) | 92279 |
| 700 1# - ASIENTO SECUNDARIO - NOMBRE PERSONAL | |
| Nombre personal | Guariguata, Manuel R. |
| Término de relación | autor |
| 9 (RLIN) | 22375 |
| 700 1# - ASIENTO SECUNDARIO - NOMBRE PERSONAL | |
| Nombre personal | Quintero-Vallejo, Estela |
| Término de relación | autora |
| 9 (RLIN) | 89541 |
| 700 1# - ASIENTO SECUNDARIO - NOMBRE PERSONAL | |
| Nombre personal | Ramírez, Wilson |
| Término de relación | autor |
| 9 (RLIN) | 28411 |
| 942 ## - ELEMENTOS ADICIONALES (KOHA) | |
| Sistema de clasificación | Dewey Decimal Classification |
| Tipo de ítem | Libro |
| Withdrawn status | Lost status | Sistema de Clasificación | Damaged status | No para préstamo | Colección | Ubicación Permanente | Ubicación actual | Fecha de adquisición | Fuente de Valor | Valor | Total Checkouts | Número topográfico | Inventario / Código de Barras | Date last seen | Ejemplar | Price effective from | Forma de adquisición | Tipo de material |
|---|---|---|---|---|---|---|---|---|---|---|---|---|---|---|---|---|---|---|
| Dewey Decimal Classification | General | Bogotá | Bogotá | 07/02/2018 | Instituto | 40000.00 | LB-346.04675 M97r | 043187 | 07/02/2018 | Ej. 1 | 07/02/2018 | Donación | Libro | |||||
| Dewey Decimal Classification | General | Bogotá | Bogotá | 24/01/2020 | LB-346.04675 M97r | 044019 | 24/01/2020 | Ej. 2 | 24/01/2020 | Donación | Libro |